[Event "EU-chT (Men) 21st"]
[Site "Heraklion"]
[Date "2017.10.31"]
[Round "4.2"]
[White "Bosiocic, Marin"]
[Black "Rodshtein, Maxim"]
[Result "1-0"]
[WhiteElo "2619"]
[BlackElo "2699"]
[Annotator "Fernandez,D"]
[PlyCount "125"]
[EventDate "2017.10.28"]
[EventType "team-swiss"]
[EventRounds "9"]
[EventCountry "GRE"]
[SourceTitle "CBM 182"]
[Source "ChessBase"]
[SourceDate "2018.01.17"]
[SourceVersion "1"]
[SourceVersionDate "2018.01.17"]
[SourceQuality "1"]
[WhiteTeam "Croatia"]
[BlackTeam "Israel"]
[WhiteTeamCountry "CRO"]
[BlackTeamCountry "ISR"]
[WhiteClock "0:35:15"]
[BlackClock "0:00:43"]

{Today's choice of best game is picked from round 4 and awarded for a hard
fought game featuring interesting preparation and good technique.} 1. d4 Nf6 2.
c4 g6 3. Nc3 d5 4. Nf3 Bg7 5. Qb3 {By contrast to the round 1 best game, we
get a Russian variation, on which some very brief comments and game links
follow.} dxc4 6. Qxc4 O-O 7. e4 (7. Bf4 c6 8. e4 b5 {is, of course, another
main line, and now ...Qa5 against either Qd3 or Qb3 (the latter being now
viewed as better.)} 9. Qb3 (9. Qd3 Qa5) 9... Qa5 {One particularly noteworthy
game continued:} 10. Bd3 Be6 11. Qd1 Rd8 12. O-O Bg4 13. e5 Nd5 14. Nxd5 cxd5
15. Rc1 Qb6 16. Rc5 Nd7 $1 {White's chance of an advantage now melts away.} 17.
Rxb5 Bxf3 18. Qa4 Bxg2 19. Rxb6 Nxb6 20. Qa6 Bxf1 21. Kxf1 e6 $44 {Miles,A
-Kasparov,G Basel 1986}) 7... Na6 (7... a6 {is another move, intending to
sacrifice the c7-pawn in the event of Bf4:} 8. Bf4 (8. e5 b5 9. Qb3 Nfd7 10.
Be2 {was, for reasons that are not apparent to me, a theoretical fashion:} c5
11. e6 fxe6 12. Qxe6+ Kh8 13. dxc5 Ne5 14. Qd5 Qxd5 15. Nxd5 Nxf3+ 16. Bxf3 Bb7
17. Nc7 Bxf3 18. gxf3 Ra7 19. Ne6 Rxf3 {No fewer than 5 games, all featuring
GMs on both sides, reached this position: for instance Kasimdzhanov,R-Caruana,
F, Baku 2014}) 8... b5 9. Qxc7 Qxc7 10. Bxc7 Bb7 $44) (7... Bg4 {is my
personal preference.}) 8. Be2 (8. Qb3 $5 {The move the hand wants to play;
Black has to think quickly or get his pawns doubled.} c5 9. d5 Qb6 $1 {The
best, possibly the only, way to sensibly prevent the doubling.} (9... e6 {
is main;} 10. Bxa6 (10. d6 {may raise some questions according to my analysis.}
) 10... bxa6 11. O-O exd5 12. exd5 Qb6 $132 {Atalik,S-Cheparinov,I , Burgas
2012}) 10. Bxa6 Qxa6 11. e5 Ng4 12. Bf4 Qd3 13. Bg3 Qf5 $11 {Gagunashvili,M
-Ftacnik,L, Istanbul 2003}) 8... c5 9. d5 e6 10. O-O exd5 11. exd5 Re8 (11...
Bf5 {is another move, but could just be a move order device; Black barely ever
wants the Rf8 to move anywhere other than e8.}) 12. Bf4 Bd7 $6 {Has less to do
with the centre than Black might like. Clearly this is preparation, but it
does not seem that venomous.} (12... Bf5 13. Rad1 {is the main line, and now}
Ne4 $1 (13... Qb6 14. Qb5 {is unnecessary; it is unlikely that Black wants the
queen trade.}) 14. Nb5 (14. Bd3 $6 Bxc3 $1 15. bxc3 b5 16. Qxb5 Nxc3 17. Qxa6
Bxd3 18. Qxd3 Ne2+ 19. Kh1 Nxf4 20. Qc4 Qd6 $132 {Gurevich,M-Kasparov,G,
Moscow 1988}) 14... g5 15. Be3 h6 16. d6 Qd7 $13 {Gelfand,B-Topalov,V Beijing
2013}) 13. Qb3 $1 {A good reaction; White uses the idea mentioned before and
'hints' at Nxa6 (and also, of course, Qxb7 and Nd2-c4.)} (13. Ne5 {It doesn't
take a genius to work out that this must have been in Black's preparation: a
central, dominating move that cuts out ...Nh5 ideas and hits the piece Black
has just developed. What could the intention have been? Maybe} Qb6 $5 (13... b5
$5 14. Nxb5 Bxb5 15. Qxb5 Nc7 16. Qc4 Ncxd5 17. Bg3 Re6 {The white knight in
the centre is not secure and he will have to play extremely precisely to pin
down the edge that the computer, spurred on by the presence of the bishop pair,
insists is present.}) (13... Nh5 $2 14. Nxd7 Nxf4 15. Qxf4 Bxc3 16. Bxa6 Qxd7
17. bxc3 bxa6 18. c4 $16) 14. Nxd7 (14. a3 {also suggests itself, but now} Bf5
{threatens, among other things, ...Qxb2 and the position descends into chaos.}
15. g4 $5 Nh5 $3 $13) 14... Nxd7 15. Qb5 Rad8 $132 {Black will attack d5 with
his knights next, e.g.} 16. a3 Be5 $1 $11) 13... Nh5 $6 (13... c4 $5 $146 {
could be considered for the future, but White should have some edge, e.g.} 14.
Bxc4 Nc5 15. Qa3 Rc8 (15... Na4 $5 {It is awesome that this move even exists.}
16. Nxa4 Re4) 16. Rac1 (16. d6 Nce4 17. Ne5 Rxe5 $132) 16... Nce4 17. Bb3 $14)
(13... Ne4 14. Bxa6 (14. Rae1 $5) 14... bxa6 15. Rfe1 $14 {is a bit late.}) (
13... Qb6 14. Ne5 Qxb3 {leads to mass simplification:} (14... Nh5 15. Nxd7 Qxb3
16. axb3 Nxf4) 15. axb3 Nh5 16. Nxd7 Nxf4 17. Bxa6 bxa6 18. Nxc5 $14 {White
keeps a little something in the ending.}) 14. Bg5 $2 $11 (14. Be3 $16 {was
better, and Black would have been hard pressed to explain what the knight was
doing at h5.}) 14... Qb6 {Black now gets counterplay in a standard way.} 15.
Bc4 Qxb3 16. axb3 Nb4 17. d6 h6 (17... Nf6 $11 {could have been considered,
avoiding Be7 ideas, but Black judges that his knight can do better work
elsewhere.}) 18. Be7 (18. Be3 Nc2 19. Rac1 Nxe3 20. fxe3 {was interesting, but
objectively nothing: Black shuts the f-file.} Nf6 $11 21. e4 Be6 $1) 18... Nf4
$1 {Now Black has completely equalised and probably mentally went over to
trying to win.} (18... Nc6 $5 19. Nd5 b5 20. Bd3 (20. Bxb5 Nxe7 21. Bxd7 Nxd5
22. Bxe8 Rxe8 $15) 20... Nxe7 21. Nxe7+ Kf8 {The position is still equal, but
White looks more fragile (smaller margin of error.)}) 19. Rad1 a6 20. Rfe1 b5
21. Bf1 Nc6 $6 {A perfectly decent move on the surface and it avoids a
dangerous White idea; however, his problem is that White now begins to play
flawless chess.} (21... Nc2 $5 22. Re5 $5 {was probably what Black noticed and
tried to avoid. The point though is that now Black has a hidden move:} Nd4 $1 {
Without an engine, it would be impossible to notice that Black is essentially
getting this pawn back.} (22... Rac8 $6 23. Ne4 {doesn't help.}) (22... Bxe5 $2
23. Nxe5 Be6 24. Ne4 $16) 23. Rxc5 Nfe6 24. Rd5 Nc6 25. Bh4 f5 26. h3 g5 27.
Bg3 f4 28. Bh2 Rad8 $44 {White is practically in zugzwang, and parallels could
be drawn to the 16th game of the 2nd KK match.}) 22. g3 $1 Ne6 23. Nd5 $1 Nxe7
24. Nxe7+ Kf8 25. Ne5 $14 Ra7 $6 (25... Rad8 {eyes up the d6-pawn, which is
relevant in a non-obvious line:} 26. Bg2 $2 (26. Bh3 $1 $14) 26... Nd4 27. b4
Bxe5 28. Rxe5 Bg4 $1 {Forcing White's next.} 29. Rde1 $1 cxb4 30. R1e4 {
There now follows a ridiculous line:} Nf5 $3 31. Rxg4 Rxd6 32. Rxf5 Rxe7 33.
Rff4 Rd1+ 34. Bf1 Ree1 35. Rxg6 $1 Rxf1+ 36. Kg2 Rg1+ 37. Kh3 Rd4 $8 $11) 26.
Bg2 Bxe5 (26... Nd4 27. b4 Bxe5 28. Rxe5 Nf5 29. bxc5 (29. Rxf5 $5 $14) 29...
Nxe7 30. dxe7+ Rxe7 31. c6 Bf5 32. Rc5 Rac7 33. b4 $16) 27. Rxe5 a5 {Trying to
activate the a7-rook.} 28. h4 a4 29. bxa4 Rxa4 30. h5 $1 {Not very much to
look at, but those of us whose chess culture includes long games of positional
chess, fighting for small wrinkles in dark corners of the old Europe, know
that after ...g5 is forced, one day the h6-pawn will be weak, and fall to Rh7,
Nf5 or similar.} g5 31. Bc6 Rd8 (31... Rd4 $1 {The pawn was falling anyway, it
is better to do it this way and get a bishop against the knight.} 32. Rxd4 Nxd4
33. Rxc5 (33. Bxd7 Nf3+ 34. Kf1 Nxe5 35. Bxe8 Kxe8 36. Ke2 Kd7 37. Nf5 {
I suspect this knight ending is not winning but drawn.}) 33... Nxc6 34. Nxc6
Re1+ 35. Kg2 Rd1 36. Ne5 Be6 37. Rxb5 Rxd6 $16) 32. Bxd7 Rxd7 33. Nf5 {As
promised. By magic, White has outplayed his 80-points-higher opponent over 10
moves and now stands a clear pawn to the good in a double rook ending.} Nd4 (
33... Ra6 34. Red5 {does not help}) 34. Rxc5 Nxf5 35. Rxf5 Rb4 36. Rd2 Kg7 37.
Kg2 f6 38. Kf3 Kf7 {A key decision. Black keeps his own structure intact,
allowing White to play g4.} (38... g4+ $6 39. Ke3 Kf7 40. Rf4 Rb3+ 41. Ke2 {
was the alternate way to play, but it loses by force.} f5 42. Rxf5+ Ke6 43. Rf8
Rxd6 44. Re8+ Kd7 45. Rd8+ Kxd8 46. Rxd6+ Kc7 47. Rxh6 Rxb2+ 48. Ke3 Rb3+ 49.
Kf4 Rf3+ 50. Kxg4 Rxf2 51. Re6 $18) 39. g4 Ke6 40. Kg3 Rb3+ 41. f3 Rb4 42. Kf2
Rb3 43. Ke2 $6 {Not necessarily spoiling anything, but giving Black an
unnecessary choice.} (43. Re2+ {could have been played now.}) 43... Rb4 (43...
b4 44. Kd1 $1 (44. Kf2 Rxd6 45. Rxd6+ Kxd6 46. Rxf6+ Kd5 $14 {should draw,
though care must still be taken.}) 44... Re3 $1 45. Rd4 $1 {White has to
attack b4 now, else d6 will just fall.} Re5 46. Rxe5+ Kxe5 (46... fxe5 47. Rxb4
Rxd6+ 48. Ke2 {is definitely winning}) 47. Rxb4 Rxd6+ 48. Kc2 (48. Ke2 Rd5 49.
Re4+ Kd6 50. b4 f5 51. Rc4 {is worse because now there are only two pawns each
left on the kingside}) 48... Ra6 $16 {It's not yet clear what the assessment
of this should be, but as a probability balance it should be 80% win, 20% draw
or so with good play.}) 44. Ke3 Rb3+ 45. Kf2 Rb4 46. Re2+ Kf7 47. Rd5 {Very
good. The rooks swap roles, but Black's is still tied down.} Rb3 (47... Rc4 48.
Rxb5 Rxd6 49. Rb7+ Kf8 50. b4 $18) 48. Rd4 Kf8 49. Rde4 $3 {A lovely motif.}
Kf7 (49... Rd3 50. Re8+ Kf7 51. R8e7+ Rxe7 52. dxe7 Ke8 53. Re6 Rd2+ 54. Ke3
Rxb2 55. Rxf6 Kxe7 56. Rxh6 {In this case, Black's king is not on d5 but e7,
and his pawn is one step back too, so this is totally winning.}) (49... Rxd6
50. Re8+ Kf7 51. R2e7# {is of course the point.}) 50. Re7+ Rxe7 51. Rxe7+ Kf8
52. Rh7 Rxb2+ 53. Ke3 {To cover d2.} Ke8 54. Rxh6 f5 55. Rh7 Rb3+ 56. Kd4 Rxf3
57. Re7+ Kd8 58. h6 (58. gxf5 {could have saved his team-mates that last bit
of worry.}) 58... fxg4 59. h7 Rh3 60. Rg7 g3 61. Ke3 b4 62. Kf3 Kc8 63. Kg2 $1
{As befits a grandmaster: we will let the black king out when it suits us to
do so, even though doing so wins a rook.} (63. Rg8+ $6 Kd7 64. h8=Q Rxh8 65.
Rxh8 Kxd6 {might appear less than completely clear at first sight, though
White can still win simply enough:} 66. Rb8 Kc5 67. Kxg3 Kc4 68. Kf3 Kc3 69.
Ke3 $18) 1-0

[Event "Olympiad-42"]
[Site "Baku"]
[Date "2016.09.05"]
[Round "4.1"]
[White "Pelletier, Yannick"]
[Black "Fier, Alexandr"]
[Result "0-1"]
[WhiteElo "2555"]
[BlackElo "2634"]
[Annotator "Fier,A"]
[PlyCount "86"]
[EventDate "2016.09.02"]
[EventType "team-swiss"]
[EventRounds "11"]
[EventCountry "AZE"]
[SourceTitle "CBM 175"]
[Source "ChessBase"]
[SourceDate "2016.11.10"]
[SourceVersion "1"]
[SourceVersionDate "2016.11.10"]
[SourceQuality "1"]
[WhiteTeam "Switzerland"]
[BlackTeam "Brazil"]
[WhiteTeamCountry "SUI"]
[BlackTeamCountry "BRA"]
[WhiteClock "0:18:38"]
[BlackClock "0:39:06"]

1. d4 Nf6 2. c4 g6 3. Nc3 d5 4. Nf3 {I didn't really prepare for this, but at
least I was able to use the preparation for this game against Ragger in the
last round. I was expecting the Exchange line with 7.Nf3 8.Rb1.} (4. cxd5 Nxd5
5. e4 Nxc3 6. bxc3 Bg7 7. Nf3 c5 8. Rb1 O-O 9. Be2 cxd4 10. cxd4 Qa5+ 11. Bd2
Qxa2 12. O-O b6 {Ragger,M (2697)-Fier,A (2634) Baku ol (Men) 42nd 2016 (11.1)
1/2 was what I had in mind.}) 4... Bg7 5. Qb3 dxc4 6. Qxc4 O-O 7. e4 Be6 {
My turn to try to surprise. I prepared this line in April in Tbilisi with a
Brazilian friend and we realised that this move was reasonable. The basic idea
is to provoke White's d-pawn into advancing and then open the position with ...
e6.} 8. Qd3 (8. d5 {is the other main variation and after} Bc8 9. Be2 c6 10.
O-O cxd5 11. exd5 Nbd7 12. Rd1 Ne8 {Thejkumar,M (2442)-Gupta,A (2662) Kolkata
op 5th 2012 (8) 1/2 Black gets a solid position, as seen in}) 8... c5 9. d5 Bg4
$5 {This was also part of the idea when I took a look at the position, but the
problem is that I was not able to remember how to continue.} (9... Bc8 {
is the most played move, and more natural I think, but I'm not sure that Black
equalises} 10. Be2 e6 11. Bg5 h6 12. Be3 exd5 13. exd5 Na6 14. Rd1 {Potkin,V 
(2610)-Nepomniachtchi,I (2714) Yaroslav the Wise rapid 5th 2014 (8) 1/2 was
played in}) 10. Be2 (10. Nd2 {was a move that I was afraid of during the game,
since I could not understand how to proceed with this strange bishop on g4. I
think that by elimination I would go for the best move} Bc8 $1 {It looks
strange to just lose a tempo, but the knight does not so often go to c4 in
this kind of position and the queen on d3 is more exposed} 11. Be2 e6 12. O-O
exd5 13. exd5 Na6 {with a balanced position.}) (10. Be3 Nbd7 {was other
strange line, where White can move the knight to almost any possible square.})
10... e6 11. O-O exd5 12. exd5 Na6 {With the queen on d3, I'm already
threatening 13...Nb4 getting the important d5-pawn.} 13. a3 Rc8 {I went for
the right plan, but changed my mind on the way, which is never a good thing.} (
13... Bf5 14. Qc4 Re8 {Miroshnichenko,E (2646)-Kornev,A (2567) RUS-chT2 Sochi
2007 (7) 1/2 would strangely transpose to}) 14. Be3 {Trying to bring the queen
to d2 or d1 when attacked.} (14. Qc4 {is not natural, but on the other hand it
stops the c5-pawn.} Nc7 $5 15. Rd1 b5 $5 {trying to open the position anyway}
16. Nxb5 Nxb5 17. Qxb5 Re8 {and Black has decent compensation based on the
fact the the queen and bishop are badly attached.}) 14... Bf5 $6 {The start of
a bad idea.} (14... c4 {was what I first intended to play and also the best
move} 15. Qd1 Nc5 16. Bxc4 Nce4 {but I forgot about this simple move} 17. Nxe4
Nxe4 18. Qb3 (18. Qe2 Bxf3 19. gxf3 Ng5 20. f4 Nh3+ 21. Kg2 Qh4 {and Black is
quite fine}) 18... Bxf3 19. gxf3 Qh4 $5 {with a pleasant position for me.}) 15.
Qd2 Qb6 16. Rac1 (16. Rad1 {was also good for White} Rfd8 17. d6 Be6 (17... Qb3
18. Bg5 $16) 18. b4 {and I have no good place to put the queen.}) 16... Rfd8
17. b4 $2 {This looks tempting, but it will only help me.} (17. Bc4 $1 {
was a really nice idea which gives White a clear advantage, avoiding 17...Ne4
by tactical means:} Ne4 (17... Ne8 {also doesn't help much} 18. Bg5 $1 f6 19.
Bf4 Nd6 20. Bxd6 Qxd6 21. Nb5 Qf8 22. Rcd1 $16) 18. Nxe4 Bxe4 19. Ng5 Bf5 20.
Nxf7 $1 {that's the point!} Kxf7 21. d6+ Be6 22. Bxe6+ Kxe6 23. Rfe1 {and
Black can't survive wihout giving back material. For example:} Kf7 24. Qd5+ Kf8
25. Bg5 Qxd6 26. Qxd6+ Rxd6 27. Be7+ Kf7 28. Bxd6 {and White is winning.})
17... Qd6 {Now Black is completely back in the game.} 18. bxc5 (18. Bxa6 cxb4
$1 {solves Black's problems} 19. axb4 Qxa6 {the computer evaluates the
position as equal, but I thought it was easier for me to play during the game.}
) 18... Nxc5 19. Nb5 (19. Nd4 {is also good for Black} Ng4 20. Bf4 Bh6 $1 21.
g3 (21. Nxf5 gxf5 22. Bxd6 Bxd2 23. Be7 Rd7 $17) 21... Bxf4 22. Qxf4 Qxf4 23.
gxf4 Nf6 24. Nxf5 gxf5 {with a slightly better endgame, White's bishop is not
strong and the pawns are weaker.}) 19... Qf8 {Suddenly Black's pieces are much
more coordinated than White's ones.} 20. Qb4 a5 {Played after a long think.} (
20... b6 {was the other option, but I could not find a way to get a clear
advantage} 21. Bc4 (21. Nxa7 $6 {the pawn on d5 is much more important than
the one on a7} Nxd5 22. Qh4 Rc7 (22... Nxe3 $2 23. Nxc8 Nxf1 24. Ne7+ $18) 23.
Bxc5 bxc5 24. Nb5 Re7 $19 {[%cal Ge7e4]}) (21. Bxc5 bxc5 22. Qc4 Nxd5 23. Nxa7
Rc7 24. Nb5 Nb6 25. Qa2 Rcd7 $17) 21... Nd3 (21... Nxd5 22. Bxd5 Rxd5 23. Nxa7
Rb8 24. Nc6 {and it looks like White is fine}) 22. Qxf8+ Bxf8 23. Nxa7 Nxc1 24.
Nxc8 Rxc8 25. Rxc1 Bxa3 26. Ra1 Rxc4 27. Rxa3 Nxd5 {and it's not clear that
the pawn up is enough.}) 21. Qh4 $1 {Only move, using the fact that my rook
can be hanging on d8.} (21. Bxc5 axb4 22. Bxf8 Bxf8 23. axb4 Nxd5) (21. Qxc5
Rxc5 22. Bxc5 Qe8 23. Rfe1 Nxd5 {is not enough for White.}) 21... Nce4 22. Rxc8
Bxc8 (22... Rxc8 $1 23. Rd1 (23. Bd4 Nxd5 24. Bd3 Bf6 25. Bxf6 Ndxf6) 23... h6
24. Qf4 Nh5) 23. Rd1 {A natural move and played quickly by my opponent who was
already heading for time trouble.} (23. Ng5 $1 {it's not so easy to realise,
but I think it's important for White to exchange one knight} Bf5 24. Nxe4 Nxe4
25. Rd1 Qe8 26. a4 {and White's queen is still misplaced, but it's not easy to
make use of it, so the position should be balanced.}) 23... Bd7 24. Nfd4 h6 25.
Qf4 {The queen has not many squares, but it can sometimes use e5 to escape.}
Rc8 (25... g5 {was another idea} 26. Qe5 $1 (26. Qc7 Nxd5 27. Qxb7 Nxe3 (27...
Ndc3 {is stronger according the computer, but I didn't see it} 28. Nxc3 Nxc3
29. Rd2 Bxd4 30. Bxd4 Nxe2+ 31. Rxe2 Bg4 32. Rd2 Qxa3 {winning a pawn, but
still with a long fight ahead.}) 28. fxe3 {is better for Black}) 26... Re8 27.
Qc7 {and now I can't take on d5, since the bishop is hanging on d7} Rc8 28.
Qxb7 Nc5 29. Qb6 Nxd5 30. Qxa5 Nxe3 31. fxe3 {and things are not clear.}) 26.
Bf3 Ng5 27. Rb1 Rc5 28. d6 Nd5 (28... Nh5 $6 {was a trick that I had in mind
for a brief moment} 29. Bxh5 Be5 $2 {but the queen escapes} 30. Qh4 $16) 29.
Bxd5 Rxd5 30. a4 Qd8 {A tricky move, defending the h4-square, threatening to
win the queen with 31...Be5. It was not the best, but it did create some
problems to be solved. I was expecting my opponent's next move and I saw that
it would be good for me.} (30... Re5 {is objectively better} 31. h4 Re4 32. Qh2
Ne6 $17) 31. Nc7 {Now White is just lost.} (31. Kh1 {was necessary, and after}
Qc8 $1 {[%cal Gc8c4]} 32. f3 Qc4 33. Nf5 Qxf4 34. Ne7+ Kh7 35. Bxf4 Rd3 {
Black is still better.}) 31... Re5 32. f3 (32. Qg3 Ne4 33. Qf3 Nxd6 $19) 32...
Nh3+ $1 {Simple and effective.} 33. gxh3 g5 34. Qg3 Rxe3 35. Ndb5 Bc6 36. Re1
Rxf3 (36... Be5 37. Rxe3 Bxg3 38. hxg3 Qf6 39. Kf2 {was also winning.}) 37. Qg4
(37. Qxf3 Bxf3 38. Re8+ Qxe8 39. Nxe8 Bc6 40. Nec7 (40. Nxg7 Kxg7 $19) 40...
Be5 $19 {[%cal Gf7f5,Gg8f7,Gc6b5,Gf7e6]}) 37... Rf4 38. Qe2 Qd7 39. Qd3 Rf3 40.
Re3 Qxh3 41. Rxf3 Bxf3 42. Kf2 Qg2+ 43. Ke3 Bg4 0-1